000 00532nam a2200181Ia 4500
999 _c11379
_d11379
003 OSt
005 20191227114332.0
008 190216s9999||||xx |||||||||||||| ||und||
020 _a9788173819384
040 _coclc
082 _a330.156
_bMUK/E
100 _aMukherjee, Sampat
_9456
245 0 _aEconomic Environment Of Business /
_cSampat Mukherjee
260 _bNew Central Book Agencies,
_c2014.
_aLondon:
300 _a853p
650 _aEcnomics
942 _cBK
_2ddc
_h330.156
_iMUK/E
_k330.156
_mMUK/E